Materiales para ingeniería
Gardado en:
| Autor Principal: | |
|---|---|
| Formato: | Libro |
| Idioma: | Lingua castelá |
| Publicado: |
Ciudad de México
Continental
1975
|
| Subjects: | |
| Tags: |
Engadir etiqueta
Sen Etiquetas, Sexa o primeiro en etiquetar este rexistro!
|
MARC
| LEADER | 00000nam a2200000 a 4500 | ||
|---|---|---|---|
| 001 | UCW2082 | ||
| 003 | CL-VaPUC | ||
| 008 | 910806e19750000MX |||||||||||||||||spa|d | ||
| 082 | 0 | 4 | |a 620.11 |b VAN |2 21 |
| 100 | 0 | |a Van Vlack, Lawrence H |e author |9 306043 | |
| 245 | 1 | 0 | |a Materiales para ingeniería |
| 300 | |a 540 p | ||
| 942 | |c BK | ||
| 945 | |d 19910806 00:00:00 |a mfernand | ||
| 260 | |a Ciudad de México |b Continental |c 1975 | ||
| 650 | 0 | |a Materiales de ingeniería |9 261006 | |
| 650 | 0 | |a Resistencia de materiales |9 260095 | |
| 583 | |a last modification |c 19910806 00:00:00 |k Rodrigo Vera | ||
| 999 | |c 216722 |d 216720 | ||
| 952 | |0 0 |1 0 |4 0 |6 620_110000000000000_VAN_1975 |7 0 |8 A |9 202771 |a BIBCUR |b BIBCUR |d 2019-11-14 |i 270112K |o 620.11 VAN 1975 |p 270112K |r 2025-04-22 |w 2019-11-14 |y BK |k BCB | ||
| 952 | |0 0 |1 0 |4 0 |6 620_110000000000000_VAN_1975 |7 0 |8 A |9 202772 |a BIBCUR |b BIBCUR |d 2019-11-14 |i 3074862 |o 620.11 VAN 1975 |p 3074862 |r 2025-04-22 |w 2019-11-14 |y BK |k BCB | ||